000
00286nam a22001337a 4500
008
170213b xxu||||| |||| 00| 0 eng d
020
_a
9780766805187
041
_a
eng
080
_a
61
100
_a
4
101
_a
SHM
245
_a
ETHICS HEALYH CARE
_c
RAYMOND EDGE
942
_2
udc
_c
BK
999
_c
5230
_d
5230